Văn hoá làng Việt Nam : Qua những bài dân ca

Nội dung cuốn sách giới thiệu kho tàng phong phú của dân ca, để cảm nhận được phần nào tâm tư, ước vọng của cha ông từ ngàn xưa. Ngoài ra, tác giả còn cố gắng chuyển tải thông điệp rằng, trong bối cảnh cuộc sống đang cuốn con người theo...

Deskribapen osoa

Gorde:
Xehetasun bibliografikoak
Formatua: Liburua
Hizkuntza:Undetermined
Argitaratua: Hà Nội Văn hóa Thông tin 2015
Gaiak:
Etiketak: Etiketa erantsi
Etiketarik gabe, Izan zaitez lehena erregistro honi etiketa jartzen!
Thư viện lưu trữ: Trung tâm Học liệu Trường Đại học Cần Thơ
LEADER 01214nam a2200217Ia 4500
001 CTU_146252
008 210402s9999 xx 000 0 und d
020 |c 56000 
082 |a 390.09597 
082 |b V115 
245 0 |a Văn hoá làng Việt Nam : 
245 0 |b Qua những bài dân ca 
245 0 |c Nguyễn Văn Tân (biên soạn) 
260 |a Hà Nội 
260 |b Văn hóa Thông tin 
260 |c 2015 
520 |a Nội dung cuốn sách giới thiệu kho tàng phong phú của dân ca, để cảm nhận được phần nào tâm tư, ước vọng của cha ông từ ngàn xưa. Ngoài ra, tác giả còn cố gắng chuyển tải thông điệp rằng, trong bối cảnh cuộc sống đang cuốn con người theo nhịp đập của thời đại công nghiệp hoá thì chính những câu hát dân ca giúp chúng ta không quên cội nguồn của dân tộc mình. 
650 |a Cultural,Folklore,Văn hoá,Văn hoá dân gian 
650 |z Vietnam,Vietnam,Việt Nam,Việt Nam 
904 |i Qhieu 
980 |a Trung tâm Học liệu Trường Đại học Cần Thơ